[Event "XV Weekend B"]
[Site "Ceriano Laghetto ITA"]
[Date "2006.04.02"]
[Round "5"]
[White "Battaglia, Giuseppe"]
[Black "Donadi, Luca"]
[Result "0-1"]
[WhiteElo "1673"]
[BlackElo "1787"]
[PlyCount "80"]
[EventDate "2006.03.31"]

1. Nf3 d5 2. g3 Nf6 3. Bg2 c6 4. O-O Bf5 5. d3 Nbd7 6. c4 e6 7. Nc3 h6 8. a3
Be7 9. b4 O-O 10. b5 Rc8 11. Qa4 cxb5 12. Nxb5 a6 13. Nbd4 Nc5 14. Qd1 Bh7 15.
cxd5 Nxd5 16. Bb2 b5 17. Ne5 Bf6 18. Nec6 Qd6 19. Nb4 Na4 20. Nxd5 exd5 21. Qb3
Nxb2 22. Qxb2 Qe5 23. e3 Bxd3 24. Rfc1 Be4 25. Bh3 Rc4 26. Rxc4 dxc4 27. a4 Qh5
28. Bg2 Bxg2 29. Kxg2 Qc5 30. Rd1 b4 31. Qc2 c3 32. Nb3 Qc6+ 33. Kg1 Qxa4 34.
Ra1 Qc6 35. Ra5 Rd8 36. Rc5 Qd6 37. Rc4 Qd3 38. Qxd3 Rxd3 39. Rxb4 c2 40. Kg2
Rxb3 0-1

[Event "XV Weekend B"]
[Site "Ceriano Laghetto ITA"]
[Date "2006.04.02"]
[Round "5"]
[White "Bettini, Massimo"]
[Black "Parenti, Davide"]
[Result "0-1"]
[WhiteElo "1916"]
[BlackElo "1856"]
[PlyCount "54"]
[EventDate "2006.03.31"]

1. e4 d5 2. exd5 Nf6 3. d4 Nxd5 4. c4 Nb6 5. Nf3 Bg4 6. Bf4 e6 7. Be2 Bd6 8.
Qd2 Bxf3 9. gxf3 Bxf4 10. Qxf4 Qd6 11. Qd2 c5 12. dxc5 Qxc5 13. Rg1 O-O 14. Qc3
e5 15. f4 Nc6 16. Qg3 g6 17. f5 Nd4 18. Bd3 e4 19. Bxe4 Rfe8 20. Nd2 Nxf5 21.
Qg5 Re5 22. O-O-O Nxc4 23. Nb3 Qxf2 24. Qg2 Qe3+ 25. Nd2 Nxd2 26. Rge1 Rc8+ 27.
Bc2 Rxc2+ 0-1

[Event "XV Weekend B"]
[Site "Ceriano Laghetto ITA"]
[Date "2006.04.02"]
[Round "5"]
[White "Biava, Pierluigi"]
[Black "Orsi, Matteo"]
[Result "1/2-1/2"]
[WhiteElo "1679"]
[BlackElo "1900"]
[PlyCount "108"]
[EventDate "2006.03.31"]

1. Nf3 d5 2. e3 c5 3. b3 Nc6 4. Bb2 Nf6 5. Bb5 e6 6. O-O Bd6 7. Ne5 Bd7 8. Bxc6
Bxc6 9. f4 Qb6 10. d3 c4 11. Nxc6 Qxe3+ 12. Kh1 bxc6 13. Qf3 Qxf3 14. Rxf3 cxd3
15. cxd3 Be7 16. Nd2 O-O 17. Re1 g6 18. Rh3 Ng4 19. Re2 a5 20. Rg3 h5 21. h3
Nh6 22. d4 Nf5 23. Rc3 Nxd4 24. Re1 c5 25. g4 h4 26. Nf3 Nxf3 27. Rxf3 Bd6 28.
Bf6 a4 29. Bxh4 axb3 30. axb3 Ra3 31. Kg2 Rb8 32. Ree3 c4 33. bxc4 Rxe3 34.
Rxe3 Bxf4 35. Rc3 Rc8 36. c5 d4 37. Rc4 e5 38. Kf3 d3 39. Bf2 d2 40. Ke2 Ra8
41. Rc3 e4 42. Be3 Bxe3 43. Rxe3 Rd8 44. Kd1 f5 45. c6 Rc8 46. Rc3 Kf7 47. Kxd2
Kf6 48. Ke3 Kg5 49. Rc5 Rc7 50. gxf5 gxf5 51. h4+ Kxh4 52. Kf4 e3 53. Rc1 Kh3
54. Kf3 Kh4 1/2-1/2

[Event "XV Weekend B"]
[Site "Ceriano Laghetto ITA"]
[Date "2006.04.02"]
[Round "5"]
[White "Cardani, Roberto"]
[Black "Pepa, Syrja"]
[Result "1-0"]
[WhiteElo "1854"]
[BlackElo "1718"]
[PlyCount "83"]
[EventDate "2006.03.31"]

1. e4 e5 2. Nf3 Nc6 3. Bb5 d6 4. d4 exd4 5. Qxd4 Bd7 6. Bxc6 bxc6 7. Nc3 Nf6 8.
Bg5 Be7 9. O-O-O Be6 10. Rhe1 c5 11. Qd2 O-O 12. e5 Ne8 13. Bxe7 Qxe7 14. Nd5
Qd8 15. Qa5 Qb8 16. Ng5 Bxd5 17. Rxd5 Qb6 18. Qd2 h6 19. Nh3 dxe5 20. Rdxe5 Nf6
21. f3 Rfd8 22. Qc3 Nd5 23. Qc4 c6 24. Nf4 Rab8 25. b3 Qa5 26. a4 Qb4 27. Qxb4
cxb4 28. Nxd5 Rxd5 29. Rxd5 cxd5 30. Re7 Ra8 31. Rd7 Kf8 32. Rxd5 a5 33. Kd2
Ke7 34. Kd3 Ke6 35. Kc4 Rc8+ 36. Rc5 Rd8 37. Rxa5 Rd2 38. Rb5 Rxc2+ 39. Kxb4
Rxg2 40. a5 Rxh2 41. a6 Rd2 42. a7 1-0

[Event "XV Weekend B"]
[Site "Ceriano Laghetto ITA"]
[Date "2006.04.02"]
[Round "5"]
[White "Cecchini, Massimo"]
[Black "Bonoldi, Fabio"]
[Result "0-1"]
[WhiteElo "1676"]
[BlackElo "1852"]
[PlyCount "60"]
[EventDate "2006.03.31"]

1. d4 Nf6 2. c4 g6 3. Nc3 d5 4. cxd5 Nxd5 5. e4 Nxc3 6. bxc3 Bg7 7. Bc4 O-O 8.
Ne2 c5 9. Be3 cxd4 10. cxd4 Nc6 11. O-O Na5 12. Bd3 b6 13. Rc1 e6 14. Qd2 Bb7
15. f3 Nc6 16. Bb5 Rc8 17. Rc2 a6 18. Bxc6 Rxc6 19. Rfc1 Qd7 20. Rxc6 Bxc6 21.
Rc3 Bb5 22. Ng3 Rd8 23. e5 f5 24. Qc1 f4 25. Rc7 Qd5 26. Bxf4 Qxd4+ 27. Be3
Qxe5 28. Bxb6 Bh6 29. Rc5 Qd6 30. Ne4 Qd4+ 0-1

[Event "XV Weekend B"]
[Site "Ceriano Laghetto ITA"]
[Date "2006.04.02"]
[Round "5"]
[White "Cervini, Gian Piero"]
[Black "Campesato, Adriano"]
[Result "0-1"]
[WhiteElo "1955"]
[BlackElo "1625"]
[PlyCount "58"]
[EventDate "2006.03.31"]

1. e4 c5 2. c3 Nc6 3. d4 cxd4 4. cxd4 d5 5. e5 Bf5 6. Nc3 a6 7. Bd3 Bxd3 8.
Qxd3 e6 9. Nf3 Rc8 10. O-O Nge7 11. Bg5 h6 12. Bh4 g5 13. Bg3 Nf5 14. Ne2 Be7
15. a3 h5 16. h3 Qb6 17. b4 g4 18. hxg4 hxg4 19. Nh2 Ncxd4 20. Nxg4 Nxg3 21.
Nxg3 Bg5 22. Rfd1 Nb5 23. a4 Rc3 24. Qe2 Nd4 25. Qb2 Rc4 26. Rab1 Bf4 27. Nf6+
Ke7 28. Ngh5 Bxe5 29. Ng4 Nf3+ 0-1

[Event "XV Weekend B"]
[Site "Ceriano Laghetto ITA"]
[Date "2006.04.02"]
[Round "5"]
[White "Cesarano, Marco"]
[Black "Franceschetti, Nando"]
[Result "1/2-1/2"]
[WhiteElo "1653"]
[BlackElo "1733"]
[PlyCount "45"]
[EventDate "2006.03.31"]

1. d4 Nf6 2. Nf3 c5 3. e3 e6 4. c4 Be7 5. Nc3 O-O 6. Bd3 b6 7. O-O Bb7 8. e4
cxd4 9. Nxd4 d6 10. Re1 Nbd7 11. Bf1 a6 12. f3 Rc8 13. Be3 Re8 14. Qd2 Bf8 15.
Rad1 Qc7 16. Nb3 Ne5 17. Bf4 Nxc4 18. Bxc4 Qxc4 19. Bxd6 Red8 20. Qf4 Bxd6 21.
Rxd6 Rxd6 22. Qxd6 Qc7 23. Rd1 1/2-1/2

[Event "XV Weekend B"]
[Site "Ceriano Laghetto ITA"]
[Date "2006.04.02"]
[Round "5"]
[White "Colombo, Sandro"]
[Black "Villalba, Fernando"]
[Result "1-0"]
[WhiteElo "1733"]
[BlackElo "1899"]
[PlyCount "79"]
[EventDate "2006.03.31"]

1. c4 c5 2. Nf3 Nc6 3. Nc3 d6 4. d4 cxd4 5. Nxd4 Nf6 6. e4 g6 7. Be2 Bg7 8. Be3
O-O 9. O-O Ne5 10. f3 Bd7 11. Rc1 Nc6 12. Qd2 a6 13. Rfd1 Rc8 14. Nd5 Nxd4 15.
Bxd4 Nxd5 16. Bxg7 Kxg7 17. cxd5 Qb6+ 18. Kh1 Bb5 19. Bxb5 Qxb5 20. Rxc8 Rxc8
21. Rc1 Rxc1+ 22. Qxc1 a5 23. h4 h5 24. Qc3+ Kg8 25. b3 Qf1+ 26. Kh2 Qb5 27.
Qc8+ Kg7 28. Qc7 Kf6 29. Qc3+ e5 30. dxe6+ Kxe6 31. Qc8+ Qd7 32. Qxd7+ Kxd7 33.
Kg3 Ke6 34. Kf4 f6 35. g4 b5 36. gxh5 gxh5 37. a3 b4 38. a4 d5 39. exd5+ Kxd5
40. Ke3 1-0

[Event "XV Weekend B"]
[Site "Ceriano Laghetto ITA"]
[Date "2006.04.02"]
[Round "5"]
[White "De La Pena, Elmer"]
[Black "Corti, Filippo"]
[Result "1-0"]
[WhiteElo "1853"]
[BlackElo "1634"]
[PlyCount "107"]
[EventDate "2006.03.31"]

1. d4 Nf6 2. Nf3 g6 3. Nc3 d5 4. Bf4 c6 5. Qd2 Bg7 6. h3 Bf5 7. g4 Be4 8. Bg2
Nbd7 9. Bh6 Bxh6 10. Qxh6 Qb6 11. O-O-O O-O-O 12. Qf4 Qc7 13. Qd2 e5 14. dxe5
Nxe5 15. Qd4 Rhe8 16. Qxa7 Bxf3 17. exf3 Nc4 18. Kb1 Nb6 19. Rd4 Nc4 20. Rhd1
Re7 21. h4 Qb8 22. Qxb8+ Kxb8 23. Rxc4 Rde8 24. Rcd4 Nd7 25. b4 Nb6 26. Bf1 Nd7
27. f4 b5 28. a4 bxa4 29. b5 Nb6 30. bxc6 Kc7 31. Ka2 Rb8 32. Nxa4 Kxc6 33. f5
Ra7 34. Ka3 Rba8 35. Bg2 Rxa4+ 36. Kb3 Ra3+ 37. Kb2 R3a5 38. fxg6 fxg6 39. f4
Na4+ 40. Kc1 Nb6 41. R1d3 Kc5 42. f5 Ra1+ 43. Kd2 Re8 44. Bxd5 Ree1 45. Bb3
gxf5 46. gxf5 Rad1+ 47. Kc3 Ra1 48. f6 Rf1 49. f7 Rf5 50. Rd1 Ra8 51. Rd8 Rxd8
52. Rxd8 Rf3+ 53. Kb2 Nc4+ 54. Bxc4 1-0

[Event "XV Weekend B"]
[Site "Ceriano Laghetto ITA"]
[Date "2006.04.02"]
[Round "5"]
[White "Ferraris, Fulvio"]
[Black "Primerano, Carlo"]
[Result "1-0"]
[WhiteElo "1751"]
[BlackElo "1688"]
[PlyCount "85"]
[EventDate "2006.03.31"]

1. d4 d5 2. c4 e5 3. cxd5 Qxd5 4. Nf3 exd4 5. Qxd4 Qxd4 6. Nxd4 Bd7 7. Bf4 Bc5
8. e3 c6 9. Bd3 Nf6 10. Nc3 Bb4 11. Rc1 Bxc3+ 12. bxc3 O-O 13. O-O c5 14. Nb3
b6 15. Nd2 Nc6 16. Rfd1 Rfe8 17. Bb5 a6 18. Be2 Bg4 19. f3 Be6 20. e4 Bxa2 21.
Ra1 Be6 22. Bxa6 Na5 23. Be2 Nd7 24. Rdb1 c4 25. Bc7 Nb3 26. Rxa8 Rxa8 27. Nxc4
Bxc4 28. Bxc4 Nd2 29. Rd1 Rc8 30. Rxd2 Rxc7 31. Bb5 Nf8 32. c4 g6 33. Rd6 Rb7
34. Kf2 Ne6 35. Ke3 Kf8 36. f4 Ke7 37. e5 Ra7 38. g4 Ra3+ 39. Ke4 Rh3 40. Rxb6
Rxh2 41. f5 gxf5+ 42. gxf5 Nc7 43. f6+ 1-0

[Event "XV Weekend B"]
[Site "Ceriano Laghetto ITA"]
[Date "2006.04.02"]
[Round "5"]
[White "Gagliani, Stefano"]
[Black "Sartorio, Diego"]
[Result "0-1"]
[WhiteElo "1698"]
[BlackElo "1924"]
[PlyCount "112"]
[EventDate "2006.03.31"]

1. d4 d5 2. c4 e6 3. Nc3 c6 4. e3 f5 5. Bd3 Bd6 6. Nge2 Nf6 7. c5 Bc7 8. f3 O-O
9. Ng3 Bd7 10. Bd2 Be8 11. Nce2 Nbd7 12. Qc2 Rb8 13. h4 Nh5 14. Nxh5 Bxh5 15.
f4 Nf6 16. Ng3 Qe8 17. Be2 Bxe2 18. Kxe2 Qg6 19. Kf3 Ne4 20. Nxe4 fxe4+ 21. Kf2
Bxf4 22. Kg1 Bg3 23. Be1 Rf7 24. Bxg3 Qxg3 25. Rh3 Qg4 26. Rf1 Rxf1+ 27. Kxf1
Rf8+ 28. Ke1 Qf5 29. Qe2 e5 30. g4 Qf6 31. dxe5 Qxe5 32. a3 Qe7 33. b4 Qf6 34.
Rh1 Qa1+ 35. Qd1 Qxa3 36. Qd2 Qa1+ 37. Qd1 Qxd1+ 38. Kxd1 Rf2 39. Kc1 Re2 40.
Rh3 Kf7 41. Rg3 Ke6 42. h5 b6 43. cxb6 axb6 44. g5 c5 45. bxc5 bxc5 46. Kd1 Rf2
47. g6 h6 48. Rg1 d4 49. exd4 cxd4 50. Ke1 e3 51. Rg4 Ke5 52. Rg3 Kf4 53. Rh3
Kg4 54. Rh1 d3 55. Rg1+ Kf3 56. Rh1 Kg2 0-1

[Event "XV Weekend B"]
[Site "Ceriano Laghetto ITA"]
[Date "2006.04.02"]
[Round "5"]
[White "Johansson, Alexander"]
[Black "Marrone, Vincenzo"]
[Result "1-0"]
[WhiteElo "1850"]
[BlackElo "1865"]
[PlyCount "67"]
[EventDate "2006.03.31"]

1. d4 d5 2. c4 c6 3. Nf3 Nf6 4. Nc3 dxc4 5. a4 Bf5 6. Ne5 Nbd7 7. Nxc4 e6 8. f3
Be7 9. e4 Bg6 10. Be2 O-O 11. O-O Qc7 12. Be3 Rfd8 13. Qb3 b6 14. Rac1 e5 15.
dxe5 Nxe5 16. f4 Nxc4 17. Qxc4 Bh5 18. Bxh5 Nxh5 19. e5 Qc8 20. Qe2 g6 21. f5
Bc5 22. Bxc5 bxc5 23. f6 Rd4 24. Ne4 Qb8 25. Nxc5 Qb4 26. e6 Re8 27. exf7+ Kxf7
28. Qxe8+ Kxe8 29. f7+ Kf8 30. Ne6+ Ke7 31. f8=Q+ Kxe6 32. Qe8+ Kd5 33. Qxc6+
Ke5 34. Rc5+ 1-0

[Event "XV Weekend B"]
[Site "Ceriano Laghetto ITA"]
[Date "2006.04.02"]
[Round "5"]
[White "Libutti, Michele"]
[Black "Petetta, Roberto"]
[Result "1-0"]
[WhiteElo "1896"]
[BlackElo "1718"]
[PlyCount "97"]
[EventDate "2006.03.31"]

1. d4 d5 2. c4 e6 3. Nc3 Nf6 4. Bg5 Nbd7 5. e3 Be7 6. Nf3 O-O 7. Rc1 c6 8. a3
a5 9. h3 Re8 10. Be2 Nf8 11. O-O Ng6 12. Qc2 dxc4 13. Bxc4 Nd5 14. Bxe7 Rxe7
15. Rfd1 Qe8 16. Ne5 f6 17. Nf3 Bd7 18. Ne4 Qf8 19. Nc5 Be8 20. g3 Rb8 21. e4
Nc7 22. b4 b6 23. Nd3 Nb5 24. Qb3 Bf7 25. Bxb5 cxb5 26. Rc6 e5 27. d5 f5 28.
exf5 Rd7 29. Ndxe5 Nxe5 30. Nxe5 Re7 31. Nxf7 Qxf7 32. Re6 Rd7 33. d6 Rc8 34.
Qe3 axb4 35. axb4 Rf8 36. Re7 Qxf5 37. Rxd7 Qxd7 38. Qe7 Qxe7 39. dxe7 Re8 40.
Rd8 Kf7 41. Rxe8 Kxe8 42. Kg2 Kxe7 43. Kf3 Ke6 44. Ke4 g6 45. f4 h6 46. g4 Kf6
47. f5 g5 48. Kd5 h5 49. Kc6 1-0

[Event "XV Weekend B"]
[Site "Ceriano Laghetto ITA"]
[Date "2006.04.02"]
[Round "5"]
[White "Longo, Giovanni"]
[Black "Oteri, Aldo"]
[Result "0-1"]
[WhiteElo "1724"]
[BlackElo "1858"]
[PlyCount "140"]
[EventDate "2006.03.31"]

1. e4 e6 2. d4 d5 3. exd5 exd5 4. Bd3 Bd6 5. Nf3 Ne7 6. O-O O-O 7. Bg5 f6 8.
Bh4 Nf5 9. Bxf5 Bxf5 10. Nbd2 Nc6 11. c3 Ne7 12. Bg3 c6 13. Re1 Ng6 14. Nf1 Nf4
15. Nh4 Qd7 16. Nxf5 Qxf5 17. Qd2 g5 18. Ne3 Qg6 19. Qc2 f5 20. f3 Rae8 21. Nf1
Rf6 22. Rxe8+ Qxe8 23. Re1 Re6 24. Rxe6 Qxe6 25. Kf2 c5 26. Ne3 cxd4 27. cxd4
Nxg2 28. Nxf5 Nf4 29. Nxd6 Qxd6 30. Qf5 Qg6 31. Qc8+ Kg7 32. Qc7+ Qf7 33. Qe5+
Kg6 34. Bxf4 gxf4 35. h4 h6 36. Kg2 Kh7 37. h5 Qg7+ 38. Qxg7+ Kxg7 39. Kh3 Kf7
40. Kg4 Ke7 41. Kxf4 Kf6 42. b4 b5 43. a3 a6 44. Kg4 Ke6 45. f4 Kf6 46. Kh4 Kf5
47. Kg3 Ke4 48. Kg4 Kxd4 49. Kf3 Kc3 50. Ke2 Kc2 51. Ke3 Kc3 52. Ke2 d4 53. Kd1
Kc4 54. Kd2 d3 55. f5 Kd5 56. f6 Ke6 57. f7 Kxf7 58. Kxd3 Kf6 59. Ke4 Kg5 60.
Ke5 Kxh5 61. Kf5 Kh4 62. Kf4 h5 63. Kf3 Kg5 64. Kg3 h4+ 65. Kh3 Kh5 66. Kh2 Kg4
67. Kg2 h3+ 68. Kh2 Kh4 69. Kg1 Kg3 70. Kh1 Kf3 0-1

[Event "XV Weekend B"]
[Site "Ceriano Laghetto ITA"]
[Date "2006.04.02"]
[Round "5"]
[White "Palminteri, Vincenzo"]
[Black "Zuccaro, Guido"]
[Result "0-1"]
[WhiteElo "1700"]
[BlackElo "1604"]
[PlyCount "120"]
[EventDate "2006.03.31"]

1. e4 e6 2. d4 d5 3. Nc3 Bb4 4. a3 Bxc3+ 5. bxc3 Ne7 6. Qg4 O-O 7. Bd3 e5 8.
Qg3 dxe4 9. Bxe4 exd4 10. Bb2 Nf5 11. Qd3 g6 12. cxd4 c5 13. Nf3 Nc6 14. Rd1
cxd4 15. O-O Qb6 16. Ba1 Be6 17. Bxc6 Qxc6 18. Nxd4 Nxd4 19. Qxd4 f6 20. Rfe1
b6 21. Qd6 Qxd6 22. Rxd6 Bf5 23. Bxf6 Bxc2 24. h3 Rf7 25. Re2 Bb3 26. Red2 Raf8
27. Bh4 b5 28. f3 a5 29. Bf2 Rf4 30. Bb6 Ra4 31. Rd7 Rf7 32. Rxf7 Kxf7 33. Rd7+
Kg8 34. Ra7 Rxa3 35. Rxa5 Rxa5 36. Bxa5 Kf7 37. Kf2 Ke6 38. Ke3 Kd5 39. Kd3
Bc4+ 40. Kc3 Bf1 41. g3 Bxh3 42. Kb4 Bf1 43. Bd8 Kd4 44. f4 Ke4 45. Bh4 Kf5 46.
Bg5 Kg4 47. Bh4 h6 48. Bf6 Kxg3 49. Be5 Kg4 50. Kc3 h5 51. Kd2 h4 52. Ke1 Bc4
53. Kf2 b4 54. Kg2 b3 55. Kh2 Kf5 56. Kh3 g5 57. Bc3 Bf1+ 58. Kh2 Kxf4 59. Kg1
Bc4 60. Kh2 g4 0-1

[Event "XV Weekend B"]
[Site "Ceriano Laghetto ITA"]
[Date "2006.04.02"]
[Round "5"]
[White "Paniga, Danilo"]
[Black "Stips, Felix"]
[Result "1-0"]
[WhiteElo "1716"]
[BlackElo "1818"]
[PlyCount "85"]
[EventDate "2006.03.31"]

1. d4 Nf6 2. Nf3 g6 3. Nbd2 Bg7 4. e4 d6 5. Bd3 O-O 6. O-O Nbd7 7. Re1 e5 8.
dxe5 Nxe5 9. Nxe5 dxe5 10. Nc4 Nd7 11. c3 Nc5 12. Bc2 Be6 13. Qe2 Qe7 14. b4
Na6 15. a4 c6 16. Be3 b6 17. Rad1 Rfd8 18. Rxd8+ Rxd8 19. Nxb6 Nxb4 20. cxb4
Qxb4 21. Rb1 Qc3 22. Rd1 Rxd1+ 23. Qxd1 axb6 24. Bxb6 Bf8 25. h3 Bc5 26. Bxc5
Qxc5 27. Qd3 Qc4 28. h4 f6 29. g3 Kf7 30. Qxc4 Bxc4 31. f4 Ke6 32. Kf2 h6 33.
Ke3 c5 34. Bd3 Bb3 35. a5 Ba4 36. a6 Bc6 37. Bc4+ Kd6 38. Bd5 exf4+ 39. gxf4 g5
40. fxg5 fxg5 41. h5 g4 42. a7 g3 43. Bxc6 1-0

[Event "XV Weekend B"]
[Site "Ceriano Laghetto ITA"]
[Date "2006.04.02"]
[Round "5"]
[White "Pulcini, Giorgio"]
[Black "Nardone, Massimo"]
[Result "1/2-1/2"]
[WhiteElo "1626"]
[BlackElo "1910"]
[PlyCount "83"]
[EventDate "2006.03.31"]

1. e4 d5 2. exd5 Qxd5 3. Nc3 Qa5 4. d4 c6 5. Bd2 Bf5 6. Bc4 e6 7. g4 Bg6 8. h4
h5 9. Nd5 Qd8 10. Nf4 Qxd4 11. Nxg6 Qe4+ 12. Qe2 Qxg6 13. gxh5 Qxh5 14. O-O-O
Qxe2 15. Nxe2 Nd7 16. Be3 Ngf6 17. Rd2 Bc5 18. Bxc5 Nxc5 19. Ng3 Nd5 20. h5
O-O-O 21. Be2 Nf4 22. Rxd8+ Kxd8 23. Bf3 Rh6 24. b4 Nd7 25. Rh4 Nd5 26. Ne4 Ke7
27. a3 N7f6 28. Ng3 g6 29. c4 Nc7 30. Rh1 gxh5 31. Nxh5 Nxh5 32. Rxh5 Rxh5 33.
Bxh5 b6 34. Kd2 f6 35. f4 Kd6 36. Ke3 a5 37. Kd3 Na6 38. c5+ Kc7 39. cxb6+ Kxb6
40. bxa5+ Kxa5 41. Kc4 Ka4 42. Be8 1/2-1/2

[Event "XV Weekend B"]
[Site "Ceriano Laghetto ITA"]
[Date "2006.04.02"]
[Round "5"]
[White "Regorda, Vittorio"]
[Black "Savarese, Vincenzo"]
[Result "1-0"]
[WhiteElo "1968"]
[BlackElo "1848"]
[PlyCount "43"]
[EventDate "2006.03.31"]

1. c4 e6 2. Nc3 d5 3. e3 c5 4. cxd5 exd5 5. d4 Nf6 6. Nf3 Be7 7. Be2 Nc6 8. O-O
O-O 9. dxc5 Bxc5 10. a3 Bf5 11. b4 Bd6 12. Nb5 Be7 13. Bb2 Qd7 14. Nbd4 Be4 15.
Nxc6 bxc6 16. Ne5 Qe6 17. Rc1 Rfc8 18. f3 Bg6 19. Bd4 c5 20. Nxg6 hxg6 21. bxc5
Bxc5 22. Rxc5 1-0

[Event "XV Weekend B"]
[Site "Ceriano Laghetto ITA"]
[Date "2006.04.02"]
[Round "5"]
[White "Ronconi, Fausto"]
[Black "Greco, Umberto"]
[Result "1-0"]
[WhiteElo "1703"]
[BlackElo "1605"]
[PlyCount "145"]
[EventDate "2006.03.31"]

1. d4 d5 2. c4 c6 3. cxd5 cxd5 4. Nf3 Nf6 5. Nc3 Nc6 6. Bf4 Bf5 7. e3 e6 8. Be2
Bb4 9. O-O O-O 10. Rc1 Rc8 11. a3 Bxc3 12. Rxc3 Qb6 13. Rb3 Qd8 14. Rxb7 a5 15.
Ne5 Nxe5 16. Bxe5 Rc2 17. Bd3 Bxd3 18. Qxd3 Qc8 19. Qb5 Ne4 20. Qd7 Qxd7 21.
Rxd7 Rxb2 22. Ra7 Nd2 23. Re1 Nc4 24. h3 Re8 25. Bc7 Nxa3 26. Rxa5 Nc4 27. Ra7
h6 28. Rea1 Nd2 29. Be5 Ne4 30. f3 Nd2 31. Rd7 Rc8 32. Bc7 Rb1+ 33. Rxb1 Nxb1
34. Rd8+ Rxd8 35. Bxd8 Nd2 36. Kf2 Nc4 37. Ke2 Kf8 38. Bc7 Ke7 39. e4 Kd7 40.
Bf4 Kc6 41. Bd2 h5 42. Bb4 Kb5 43. Be7 Nb2 44. g4 hxg4 45. hxg4 Kc4 46. exd5
Kxd5 47. Bf8 g6 48. Bg7 Kc4 49. d5 Na4 50. dxe6 fxe6 51. Ke3 Nc5 52. Kf4 Kd5
53. Kg5 e5 54. Kxg6 e4 55. fxe4+ Nxe4 56. Kf5 Nd6+ 57. Kf6 Ne4+ 58. Ke7 Ng5 59.
Bh6 Nf3 60. Kf6 Ke4 61. Bc1 Ne5 62. g5 Ng4+ 63. Ke6 Ne5 64. Bd2 Ng6 65. Kf6 Ne5
66. Bc3 Ng4+ 67. Ke6 Ne3 68. g6 Nf5 69. Be5 Nh6 70. g7 Ng8 71. Bb2 Kf4 72. Bc1+
Kg4 73. Kf7 1-0

[Event "XV Weekend B"]
[Site "Ceriano Laghetto ITA"]
[Date "2006.04.02"]
[Round "5"]
[White "Scarpellini, Felice"]
[Black "Albrizio, Mauro"]
[Result "1/2-1/2"]
[WhiteElo "1941"]
[BlackElo "1610"]
[PlyCount "66"]
[EventDate "2006.03.31"]

1. c4 e6 2. Nc3 Nf6 3. g3 d5 4. cxd5 exd5 5. d4 c6 6. Nf3 h6 7. Bg2 Bf5 8. O-O
Bd6 9. a3 Nbd7 10. b4 Ne4 11. Bb2 Nxc3 12. Bxc3 O-O 13. Nd2 Nf6 14. Nb3 b6 15.
Rc1 Qd7 16. Re1 Rfe8 17. Bb2 Be4 18. Rc3 Bxg2 19. Kxg2 Ne4 20. Re3 Ng5 21.
Rxe8+ Rxe8 22. Qd3 f5 23. Bc1 Ne4 24. f3 Nf6 25. Nd2 f4 26. e4 fxe3 27. Rxe3
Rxe3 28. Qxe3 Qe7 29. Nf1 Kf7 30. Bd2 Qxe3 31. Nxe3 Ke6 32. g4 Bf4 33. Nf1 Bxd2
1/2-1/2

[Event "XV Weekend B"]
[Site "Ceriano Laghetto ITA"]
[Date "2006.04.02"]
[Round "5"]
[White "Viale, Fabio"]
[Black "Garofalo, Sergio"]
[Result "1-0"]
[WhiteElo "1613"]
[BlackElo "1911"]
[PlyCount "97"]
[EventDate "2006.03.31"]

1. d4 Nf6 2. c4 e5 3. dxe5 Ng4 4. Nf3 Nc6 5. a3 Ngxe5 6. e3 d6 7. Be2 g5 8.
Nxe5 Nxe5 9. Bd2 Bg7 10. Bc3 g4 11. O-O Be6 12. Nd2 Rg8 13. Rc1 f5 14. g3 h5
15. b3 Nf7 16. Re1 h4 17. f4 hxg3 18. hxg3 Bxc3 19. Rxc3 Qf6 20. Rc2 Qh6 21.
Bf1 Rh8 22. Bg2 O-O-O 23. Kf2 Bd7 24. Rh1 Qf6 25. Qa1 Qe7 26. Rcc1 Rde8 27. Qc3
Rxh1 28. Rxh1 Nd8 29. b4 Bc6 30. Bxc6 Nxc6 31. Rh8 Rf8 32. Rxf8+ Qxf8 33. Qd3
Ne7 34. e4 Qh6 35. Qf1 Qh8 36. Ke3 Qc3+ 37. Qd3 Qc1 38. exf5 Qe1+ 39. Kd4 c5+
40. bxc5 Qg1+ 41. Kc3 Qxc5 42. f6 Qxa3+ 43. Nb3 Nc6 44. f7 Qb4+ 45. Kc2 d5 46.
Qf5+ Kc7 47. Qxd5 Qe1 48. f8=Q Qf2+ 49. Qd2 1-0

[Event "C.to Provinciale CS"]
[Site "Rossano ITA"]
[Date "2006.02.18"]
[Round "1"]
[White "Catapano, Francesco"]
[Black "Paragliola, Gennaro"]
[Result "1-0"]
[WhiteElo "1772"]
[BlackElo "1544"]
[PlyCount "43"]
[EventDate "2006.02.18"]

1. e4 d6 2. Bc4 Nf6 3. d3 Nc6 4. Nc3 Na5 5. Bb3 Nxb3 6. axb3 g6 7. f4 Bg7 8.
Nf3 O-O 9. O-O c6 10. Qe1 Nd7 11. Ng5 h6 12. Nf3 e5 13. f5 g5 14. Qg3 Kh7 15.
Be3 a6 16. h4 f6 17. hxg5 fxg5 18. Bxg5 Nf6 19. Bxh6 Rg8 20. Qg6+ Kh8 21. Ng5
Qb6+ 22. Rf2 1-0

[Event "C.to Provinciale CS"]
[Site "Rossano ITA"]
[Date "2006.02.18"]
[Round "1"]
[White "Falbo, Salvatore"]
[Black "Malta, Gaetano"]
[Result "1/2-1/2"]
[WhiteElo "1472"]
[BlackElo "1718"]
[PlyCount "114"]
[EventDate "2006.02.18"]

1. e4 c5 2. Nf3 e6 3. d4 cxd4 4. Nxd4 a6 5. Bd3 Qc7 6. Nc3 b5 7. Qf3 Be7 8. Be3
Bb7 9. a3 Bf6 10. O-O Ne7 11. Qg4 Nbc6 12. Nf3 Ne5 13. Bf4 Nxg4 14. Bxc7 Rc8
15. Ba5 Nc6 16. Bb6 Nge5 17. Be2 Nxf3+ 18. Bxf3 Ne5 19. Rfe1 Nxf3+ 20. gxf3
Bxc3 21. bxc3 Rxc3 22. Kg2 Rxc2 23. Rec1 Rxc1 24. Rxc1 Ke7 25. Rc7 Bc6 26. Kg3
Rb8 27. Bc5+ Kd8 28. Bd6 Rc8 29. Ra7 Ra8 30. Rc7 a5 31. Kf4 b4 32. axb4 a4 33.
b5 Bxb5 34. Rc3 Ra6 35. Bf8 g6 36. Bg7 d6 37. Kg5 a3 38. Rc1 e5 39. Rd1 Kc7 40.
f4 a2 41. fxe5 dxe5 42. Bxe5+ Kc6 43. Kh6 Bc4 44. Kxh7 Rb6 45. Rd6+ Kb5 46.
Rxb6+ Kxb6 47. Bd4+ Kb5 48. e5 Kb4 49. f4 Kb3 50. Kh6 Kc2 51. Kg5 Be6 52. h4
Kb1 53. h5 gxh5 54. Kxh5 a1=Q 55. Bxa1 Kxa1 56. Kg5 Kb2 57. Kf6 Kc3 1/2-1/2

[Event "C.to Provinciale CS"]
[Site "Rossano ITA"]
[Date "2006.02.18"]
[Round "1"]
[White "Ferrara, Giuseppe"]
[Black "Armentano, Alessio"]
[Result "0-1"]
[WhiteElo "1664"]
[BlackElo "2081"]
[PlyCount "110"]
[EventDate "2006.02.18"]

1. e4 c5 2. Nf3 Nc6 3. Bb5 e6 4. Bxc6 dxc6 5. b3 Nf6 6. d3 Be7 7. O-O O-O 8.
Bb2 b5 9. Nbd2 a5 10. a4 Qb6 11. Ne5 Rd8 12. Ng4 Ne8 13. Kh1 Ra7 14. f4 f6 15.
Qe2 Ba6 16. Rab1 Qc7 17. Qf2 Qd7 18. Ne3 Raa8 19. f5 Nd6 20. Ba3 exf5 21. Nxf5
Nxf5 22. Qxf5 g6 23. Qf2 Qd6 24. Rbe1 Rf8 25. Bb2 Qe6 26. Qe3 bxa4 27. bxa4 Qa2
28. Ba1 Qxc2 29. Nc4 Bxc4 30. dxc4 Qxc4 31. Rc1 Qe6 32. Rf2 Rab8 33. Rcf1 Rb4
34. e5 f5 35. h3 Re8 36. g4 f4 37. Rxf4 Bg5 38. Bc3 Rxf4 39. Rxf4 Bxf4 40. Qxf4
Rf8 41. Qe4 Qd5 42. Qg2 Qxg2+ 43. Kxg2 c4 44. Bxa5 Ra8 45. Bc3 Rxa4 46. Kf2 Kf7
47. h4 Ra2+ 48. Ke3 Rg2 49. h5 Rxg4 50. hxg6+ hxg6 51. Kf3 Rg1 52. Ke4 Rd1 53.
Kf4 Rd3 54. Be1 c3 55. Ke4 c2 0-1

[Event "C.to Provinciale CS"]
[Site "Rossano ITA"]
[Date "2006.02.18"]
[Round "1"]
[White "Filippelli, Antonio"]
[Black "Ielapi, Vito"]
[Result "0-1"]
[WhiteElo "1625"]
[BlackElo "2001"]
[PlyCount "77"]
[EventDate "2006.02.18"]

1. e4 d5 2. exd5 Qxd5 3. Nc3 Qd6 4. d4 Nf6 5. Nf3 a6 6. a4 Nc6 7. g3 Bg4 8. Bg2
e6 9. Bf4 Qd7 10. O-O Be7 11. Ne2 O-O 12. Qd3 Nd5 13. Ne5 Nxe5 14. dxe5 Rfd8
15. Bd2 Qc8 16. Qc4 Bh5 17. Nc3 Nb4 18. Ne4 Nd5 19. Nc3 Nb6 20. Qf4 Bg6 21. Be4
Nd5 22. Nxd5 exd5 23. Bxg6 hxg6 24. c3 Qe6 25. h4 Rd7 26. Be3 c5 27. Rfd1 Rad8
28. Rd3 d4 29. cxd4 cxd4 30. Rxd4 Rxd4 31. Bxd4 g5 32. hxg5 g6 33. Rc1 Kg7 34.
Rc7 Bxg5 35. Qxg5 Rxd4 36. Re7 Qd5 37. Qf6+ Kh6 38. Qh8+ Kg5 39. Qf6+ 0-1

[Event "C.to Provinciale CS"]
[Site "Rossano ITA"]
[Date "2006.02.18"]
[Round "1"]
[White "Promenzio, Fabrizio"]
[Black "De Marco, Francesco"]
[Result "0-1"]
[WhiteElo "1584"]
[BlackElo "1821"]
[PlyCount "82"]
[EventDate "2006.02.18"]

1. e4 c5 2. Nf3 Nc6 3. Nc3 d6 4. Bb5 Bd7 5. O-O Nf6 6. h3 g6 7. a4 Bg7 8. d3
O-O 9. Bf4 a6 10. Bc4 h6 11. Qd2 Kh7 12. Rfe1 Nd4 13. Nxd4 cxd4 14. Nd5 e5 15.
Bg3 Nxd5 16. Bxd5 Qc7 17. Rec1 f5 18. exf5 gxf5 19. Qb4 Rab8 20. Bh4 Bc6 21.
Qc4 Rfe8 22. f3 Qd7 23. Bxc6 bxc6 24. Qxa6 e4 25. dxe4 fxe4 26. fxe4 Rxe4 27.
Qd3 d5 28. Re1 Rbe8 29. Re2 Kh8 30. Rxe4 dxe4 31. Qg3 d3 32. cxd3 exd3 33. Rd1
d2 34. Kh1 Re4 35. Qf2 Rxa4 36. Rxd2 Ra1+ 37. Kh2 Qc7+ 38. Bg3 Qe7 39. Bh4 Qe5+
40. Bg3 Qe4 41. Rc2 Ra8 0-1